000 00709cam a22002413a 4500
001 18066
003 PGUSA
005 20140828083402.0
008 060328s2006||||xxu|||||s|||||000 | eng d
040 _aPGUSA
_beng
042 _adc
050 4 _aE011
100 1 _aAbbott, John S. C.
_q(John Stevens Cabot),
_d1805-1877
245 1 0 _aColumbus :
_bDe ontdekker van Amerika
_h[electronic resource] /
_cJohn S. C. Abbott
260 _bProject Gutenberg,
_c2006
506 _aPublic domain in the USA.
516 _aElectronic text
653 _aColumbus, Christopher
700 1 _aGeraets, J.H.
_cJr
830 0 _aProject Gutenberg
_v18066
856 4 0 _uhttp://www.gutenberg.org/ebooks/18066
942 _cEB
999 _c247321
_d247321